[Event "Internet Section 06A g/8'+2\""]
[Site "Dos Hermanas"]
[Date "2004.03.06"]
[Round "4"]
[White "Gagnon, Conrad"]
[Black "Skycel, Hughman"]
[Result "0-1"]
[WhiteElo "1370"]
[BlackElo "1776"]
[PlyCount "88"]
[EventDate "2004.03.06"]
[EventType "swiss (blitz)"]
[EventRounds "9"]
[EventCountry "ESP"]
[SourceTitle "CBM 099 Extra"]
[Source "ChessBase"]
[SourceDate "2004.05.04"]
[SourceVersion "1"]
[SourceVersionDate "2004.05.04"]
[SourceQuality "1"]

1. e4 e5 2. Nf3 Nc6 3. Bc4 Nf6 4. Ng5 d5 5. exd5 Na5 6. d3 Bc5 7. c3 Nxc4 8. dxc4 a5 9. 0-0 0-0 10. Kh1 Qe7 11. Qc2 g6 12. Nd2 Bf5 13. Nde4 h6 14. Nxf6+ Qxf6 15. Ne4 Qh4 16. f3 Kg7 17. g4 Bxe4 18. Qxe4 Rae8 19. a3 Qe7 20. b4 Bb6 21. c5 Ba7 22. Qe3 Rh8 23. Bb2 f6 24. Rfd1 h5 25. Qe4 hxg4 26. Qxg4 f5 27. Qg3 Rd8 28. c4 f4 29. Qxf4 Rde8 30. d6 cxd6 31. Rxd6 Rh4 32. Qd2 Reh8 33. Bxe5+ Qxe5 34. Rd7+ Kf6 35. Qd6+ Qxd6 36. Rxd6+ Kf5 37. Rd5+ Kf4 38. Ra2 Kxf3 39. Rd3+ Ke4 40. Rad2 Bb8 41. Rd4+ Ke5 42. Rxh4 Rxh4 43. bxa5 Ke4 44. Kg2 Rxh2+ 0-1

[Event "Internet Section 06A g/8'+2\""]
[Site "Dos Hermanas"]
[Date "2004.03.06"]
[Round "2"]
[White "Hamilton, David"]
[Black "Skycel, Hughman"]
[Result "0-1"]
[WhiteElo "1272"]
[BlackElo "1778"]
[PlyCount "68"]
[EventDate "2004.03.06"]
[EventType "swiss (blitz)"]
[EventRounds "9"]
[EventCountry "ESP"]
[SourceTitle "CBM 099 Extra"]
[Source "ChessBase"]
[SourceDate "2004.05.04"]
[SourceVersion "1"]
[SourceVersionDate "2004.05.04"]
[SourceQuality "1"]

1. e4 e5 2. Nf3 Nc6 3. Bc4 Bc5 4. d3 d6 5. Nc3 h6 6. h3 Nf6 7. 0-0 a6 8. a3 0-0 9. Ne2 b5 10. Ba2 Bb7 11. b4 Bb6 12. c3 Ne7 13. Ng3 Nh7 14. Nh4 d5 15. exd5 Bxd5 16. Bxd5 Nxd5 17. Nhf5 Nxc3 18. Qg4 Qf6 19. Nxh6+ Kh8 20. Nhf5 g6 21. Nh6 Rad8 22. Be3 Rxd3 23. Ne4 Nxe4 24. Qxe4 Qd6 25. Ng4 Re8 26. Bh6 f5 27. Qe2 fxg4 28. Qxg4 e4 29. Bc1 Qe6 30. Qh4 e3 31. Kh1 e2 32. Re1 Rf8 33. Bb2+ Kg8 34. f3 Qc4 0-1

[Event "Internet Section 06A g/8'+2\""]
[Site "Dos Hermanas"]
[Date "2004.03.06"]
[Round "8"]
[White "Sebban, Jean Paul"]
[Black "Skycel, Hughman"]
[Result "1-0"]
[WhiteElo "2183"]
[BlackElo "1838"]
[PlyCount "83"]
[EventDate "2004.03.06"]
[EventType "swiss (blitz)"]
[EventRounds "9"]
[EventCountry "ESP"]
[SourceTitle "CBM 099 Extra"]
[Source "ChessBase"]
[SourceDate "2004.05.04"]
[SourceVersion "1"]
[SourceVersionDate "2004.05.04"]
[SourceQuality "1"]

1. d4 e6 2. e4 c5 3. Nf3 cxd4 4. Nxd4 d6 5. c4 Nf6 6. Nc3 Nc6 7. Be2 Be7 8. 0-0 0-0 9. Nc2 a6 10. Rb1 Qc7 11. b3 Rd8 12. Be3 b6 13. f4 Rb8 14. Bf3 Bb7 15. Qe2 Bf8 16. Rbc1 Ne7 17. g4 d5 18. Na4 Ba8 19. cxd5 exd5 20. e5 Ne4 21. Nd4 Qb7 22. e6 Rdc8 23. f5 Nc6 24. exf7+ Kxf7 25. Bxe4 Nxd4 26. Bxd4 dxe4 27. Qe3 b5 28. Nb6 Rd8 29. Nxa8 Rxa8 30. g5 Rac8 31. Rxc8 Rxc8 32. g6+ Kg8 33. gxh7+ Kxh7 34. f6 Qd5 35. Qh3+ Kg6 36. Qxc8 Qxd4+ 37. Kh1 e3 38. Qe8+ Kg5 39. Rg1+ Kh4 40. Qe6 gxf6 41. h3 Qe5 42. Qg4# 1-0

[Event "Internet Section 06A g/8'+2\""]
[Site "Dos Hermanas"]
[Date "2004.03.06"]
[Round "1"]
[White "Skycel, Hughman"]
[Black "Radulski, Julian"]
[Result "0-1"]
[WhiteElo "1776"]
[BlackElo "2475"]
[PlyCount "92"]
[EventDate "2004.03.06"]
[EventType "swiss (blitz)"]
[EventRounds "9"]
[EventCountry "ESP"]
[SourceTitle "CBM 099 Extra"]
[Source "ChessBase"]
[SourceDate "2004.05.04"]
[SourceVersion "1"]
[SourceVersionDate "2004.05.04"]
[SourceQuality "1"]

1. e4 e5 2. Bc4 Nf6 3. d3 Nc6 4. Nf3 h6 5. 0-0 d6 6. h3 g6 7. c3 Bg7 8. Be3 0-0 9. Nbd2 Na5 10. Bb5 a6 11. Ba4 b5 12. Bc2 c5 13. d4 Qc7 14. Rc1 Bd7 15. Nh2 Rfe8 16. f4 exd4 17. cxd4 Nd5 18. exd5 Rxe3 19. f5 Bxd4 20. Kh1 gxf5 21. Bxf5 Bxf5 22. Rxf5 Qd7 23. Qg4+ Kh8 24. Qh5 Bg7 25. Rxf7 Qe8 26. Qg6 Re1+ 27. Ndf1 Qxf7 28. Qxf7 Rxc1 29. g4 Rf8 30. Qh5 Nc4 31. Kg2 Rc2+ 32. Kg3 Rcf2 33. g5 R2f5 34. h4 Kg8 35. Qg6 hxg5 36. hxg5 Ne5 37. Qe6+ Kh8 38. Ne3 Rxg5+ 39. Nhg4 Rg6 40. Qe7 Rf3+ 41. Kh4 Rf4 42. Qe8+ Kh7 43. Kh5 Rfxg4 44. Nxg4 Rxg4 45. Qe6 Rg6 46. Qf5 a5 0-1